Boundary issues : new rules for land (Record no. 72753)
[ view plain ]
| 000 -LEADER | |
|---|---|
| fixed length control field | 00708cam a2200193 4500 |
| 001 - CONTROL NUMBER | |
| control field | X122397 |
| 008 - FIXED-LENGTH DATA ELEMENTS--GENERAL INFORMATION | |
| fixed length control field | 030523n2003 000 0 eng u |
| 035 ## - SYSTEM CONTROL NUMBER | |
| System control number | (Sirsi) u122397 |
| 100 ## - MAIN ENTRY--PERSONAL NAME | |
| Personal name | Atkinson, N. |
| 245 ## - TITLE STATEMENT | |
| Title | Boundary issues : new rules for land |
| 260 ## - PUBLICATION, DISTRIBUTION, ETC. | |
| Date of publication, distribution, etc. | 2003 |
| 490 ## - SERIES STATEMENT | |
| Series statement | RICS West Midlands News |
| Volume/sequential designation | 29 April 2003 (2) |
| 520 ## - SUMMARY, ETC. | |
| Summary, etc. | Looks the boundary issues covered by the Land Registration Act 2002 and the Countryside Rights of Way Act 2000. Legislation on high hedges currently before parliament is also discussed. |
| 650 ## - SUBJECT ADDED ENTRY--TOPICAL TERM | |
| Topical term or geographic name entry element | COUNTRYSIDE AND RIGHTS OF WAY ACT 2000 |
| 650 ## - SUBJECT ADDED ENTRY--TOPICAL TERM | |
| Topical term or geographic name entry element | HIGH HEDGES |
| 650 ## - SUBJECT ADDED ENTRY--TOPICAL TERM | |
| Topical term or geographic name entry element | LAND REGISTRATION ACT 2002 |
| 690 ## - LOCAL SUBJECT ADDED ENTRY--TOPICAL TERM (OCLC, RLIN) | |
| Topical term or geographic name as entry element | Boundary disputes |
| 9 (RLIN) | 6221 |
| 942 ## - ADDED ENTRY ELEMENTS (KOHA) | |
| Suppress in OPAC | 0 |
| Withdrawn status | Lost status | Source of classification or shelving scheme | Damaged status | Not for loan | Home library | Current library | Shelving location | Date acquired | Total Checkouts | Full call number | Barcode | Date last seen | Copy number | Price effective from | Koha item type |
|---|---|---|---|---|---|---|---|---|---|---|---|---|---|---|---|
| Dewey Decimal Classification | Virtual | Virtual | Online | 23/05/2003 | ONLINE PUBLICATION | 122397-1001 | 06/08/2019 | 1 | 06/08/2019 | Journal article |